header

The humanity of Christ (Record no. 144264)

MARC details
000 -LEADER
fixed length control field 01395nam a2200361 a 4500
082 04 - DEWEY DECIMAL CLASSIFICATION NUMBER
Classification number 232
100 1# - MAIN ENTRY--AUTHOR NAME
Personal name Jones, Paul D.
245 14 - TITLE STATEMENT
Title The humanity of Christ
260 ## - PUBLICATION, DISTRIBUTION, ETC. (IMPRINT)
Place of publication London ;
-- New York :
Name of publisher T & T Clark,
Year of publication c2008.
300 ## - PHYSICAL DESCRIPTION
Number of Pages xiii, 290 p.
490 1# - SERIES STATEMENT
Series statement T & T Clark theology
856 40 - ELECTRONIC LOCATION AND ACCESS
Uniform Resource Identifier http://site.ebrary.com/lib/rucke/Doc?id=10427661

No items available.

© 2026 Rongo University
Contact us: librarian | system librarian | Rongo university